000 00783cam a22002655a 4500
001 17621196
005 20150121085836.0
008 130211s2013 cau 000 0 eng
010 _a 2013932881
020 _a9781285175232 (pbk.)
040 _aDLC
_cDLC
042 _apcc
050 _aRC 465
_b.C266 2014
100 1 _aWedding, Danny.
245 1 0 _aCase studies in psychotherapy /
_cedited by Danny Wedding, Raymond J. Corsini.
250 _a7th ed.
260 _aBelmont, CA :
_bCengage Learning,
_c2014.
263 _a1304
300 _a222 pages :
_c25 cm.
521 _aPsychology
650 _aPsychotherapy
_xCase studies.
906 _a0
_bibc
_corignew
_d2
_eepcn
_f20
_gy-gencatlg
942 _2lcc
_cBK
_kFOR
999 _c276977
_d276977